LEADER 00781naa a2200205 u 4500 001 000000103397 003 CaOOAMICUS 005 20070226130215.0 008 061115s1978 it u000 u ita u 035 $a11106940 040 $aIAR$bita 100 1 $aVanni Rovighi, Sofia,$d1908-1990.$0(OLS)http://pul/name/5652 245 10$aContemplata aliis tradere /$cSofia Vanni Rovighi. 260 $aMilano :$bVita e pensiero,$c1978. 300 $av.2, p. 203-206 ;$c22 cm 500 $aIAR: CCI.222 773 0 $aStudi di filosofia medioevale (Vanni Rovighi, Sofia) 773 0 $aVanni Rovighi, Sofia.$tStudi di filosofia medioevale$g19-20.$w()12175 996 $6245$aContemplata aliis tradere$9(OLS)http://pul/title/130302 996 $6260$aMilano :$bVita e pensiero$9(OLS)http://pul/publisher/48016 LEADER 01415nam a2200277 a 4500 001 000000162436 003 CaOOAMICUS 005 20170906112502.0 008 170906s2017 it m 001 u ita r 032 $aLibriCat 040 $aPUL$bita 100 1 $aInguscio, Giorgio.$0(OLS)http://pul/name/104196 245 13$aLa paternità di Dio nel pensiero di François-Xavier Durrwell : $bil mistero e il suo significato per la teologia e l'etica cristiana / $cGiorgio Inguscio. 260 $aRoma :$b[s.n.],$c2017. 300 $a112 p. ; $c24 cm 500 $aIn testa al front.: Pontificia Universitas Lateranensis, Academia Alfonsiana, Institutum Superius Theologiae Moralis. 502 $aEstratto di Tesi di Dottorato: Pontificia Universitas Lateranensis, Academia Alfonsiana, 2017. 504 $aBibliografia : p. [67]-96. 600 14$aDurrwell, François Xavier,$cC.SS.R.,$d1912-2005.$0(OLS)http://pul/subject/23234 650 4$aPaternità (teologia).$0(OLS)http://pul/subject/43466 850 $aPUL 852 $aPUL$W1$xDP1 Tesi Acc. Alfonsiana$y28$m2017 B 7$j186419$qTesi$B189651$CPULBib$Z2$F189651 $82 941 1 $a16 996 $6245$aLa paternità di Dio nel pensiero di François-Xavier Durrwell : $bil mistero e il suo significato per la teologia e l'etica cristiana / $9(OLS)http://pul/title/202191 996 $6260$aRoma :$b[s.n.]$9(OLS)http://pul/publisher/47958